000 01257nam a22003617a 4500
003 CHAP
005 20220817040903.0
008 971013s1979 r 00010 d
010 _a2152
011 _a3124
035 _a2324
040 _cCHAP
082 _a312
_bJ64y
100 0 0 _aJones, Gavin.
_962010
245 _aCrecimiento poblacional y planificación educativa en países en vías de desarrollo
260 _aMéxico, D. F. :
_bGernika,
_c1979
300 _a256 p.
_b: ilus., gráfs.
490 _aColección educacional y sociología
500 _aD44-185
590 _aBATCH-UPD
_b10
_c20130110
_lUCH01
_h0307
590 _aBATCH-UPD
_b10
_c20130110
_lUCH01
_h1554
590 _aBATCH-UPD
_b10
_c20130409
_lUCH01
_h2339
590 _aBATCH-UPD
_b10
_c20130410
_lUCH01
_h1614
590 _aBATCH-UPD
_b10
_c20130914
_lUCH01
_h1923
590 _aCONVERSION
_b10
_c20130109
_lUCH01
_h1302
650 1 4 _aPoblación
_xPaíses subdesarrollados.
_989410
650 1 4 _aPolítica económica
_xPaíses subdesarrollados.
650 1 4 _aPolítica educativa
_xPaíses subdesarrollados.
_990556
830 0 _aColección educacional y sociología
_924836
901 _aBK
942 _cLIBRO
949 _a312 J64y
_bBC
_cLIBRO
_d33724000300281
_eLIBRO
_h79667
_i2324
_si
999 _c2152
_d2152